[Event "TCh-NED 2005-6"]
[Site "Netherlands NED"]
[Date "2006.03.04"]
[Round "7"]
[White "Rothuis,V"]
[Black "Burg,T"]
[Result "1-0"]
[WhiteElo "2342"]
[BlackElo "2231"]

1.e4 c5 2.Nf3 d6 3.Bb5+ Bd7 4.Bxd7+ Qxd7 5.O-O Nc6 6.c3 Nf6 7.Re1 e6 8.d4 cxd4
9.cxd4 d5 10.e5 Ne4 11.Nbd2 Nxd2 12.Bxd2 Be7 13.Rc1 Rc8 14.a3 O-O 15.Rc3 f6
16.exf6 Bxf6 17.Bf4 Bxd4 18.Nxd4 Rxf4 19.Nxe6 Rf6 20.Rce3 Rg6 21.Nc5 Qf7
22.Rf3 Rf6 23.Rxf6 Qxf6 24.Qxd5+ Kh8 25.Nxb7 Rf8 26.f3 Nd4 27.Nd6 h6 28.Qe5 Nxf3+
29.gxf3 Qxf3 30.Qe3 Qf6 31.Nc4 Qg6+ 32.Kh1 Qc2 33.Qe2 Qb3 34.Rg1 Qb5 35.Qg2 g5
36.Qe4 Qd7 37.Ne5 Qe8 38.Qg6 Qa8+ 39.Nc6 Rg8 40.Qxh6+  1-0

[Event "ch-BLR"]
[Site "Minsk BLR"]
[Date "2006.03.05"]
[Round "2"]
[White "Teterev,V"]
[Black "Smirnov,Va"]
[Result "1/2-1/2"]
[WhiteElo "2507"]
[BlackElo "2403"]

1.e4 c5 2.Nf3 d6 3.Bb5+ Bd7 4.Bxd7+ Qxd7 5.O-O Nc6 6.c3 Nf6 7.d4 Nxe4 8.d5 Ne5
9.Re1 Nf6 10.Nxe5 dxe5 11.c4 g6 12.Rxe5 Bg7 13.Nc3 O-O 14.Qe2 Rfe8 15.Bg5 h6
16.Bd2 Rad8 17.Rd1 a6 18.h3 b5 19.b3 Qd6 20.cxb5 Ng4 21.hxg4 Qxe5 22.Qxe5 Bxe5
23.bxa6 Rd6 24.a7 Bxc3 25.Bxc3 Ra6 26.b4 cxb4 27.Bxb4 Rxa7 28.Re1 Rd8 29.Bxe7 Rxd5
30.a3 f5 31.gxf5 Rxf5 32.Bb4 Kf7 33.f3 Rf6 34.Kf2 Rc6 35.Re2 Rac7 36.a4 Rc2
37.Bd2 h5 38.a5 Ra2 39.Be3 Rcc2 40.Rxc2 Rxc2+ 41.Kg3 Ra2 42.Bb6 Kf6 43.Kh3 Kf5
44.Kg3 g5 45.Kh3 Ra4 46.Bd8 Ra1 47.Kg3 Ra3 48.Bb6 Ra4 49.Kh3 g4+ 50.Kg3 Ra3
51.Bd8 Rd3 52.Bc7 Kg5 53.Bf4+ Kf5 54.Bc7  1/2-1/2

[Event "ch-BLR"]
[Site "Minsk BLR"]
[Date "2006.03.06"]
[Round "3"]
[White "Kasparov,S"]
[Black "Zhigalko,A"]
[Result "1/2-1/2"]
[WhiteElo "2491"]
[BlackElo "2505"]

1.e4 c5 2.Nf3 d6 3.Bb5+ Bd7 4.Bxd7+ Qxd7 5.c4 Nf6 6.Nc3 Nc6 7.O-O g6 8.d4 cxd4
9.Nxd4 Bg7 10.Nde2 O-O 11.f3 a6 12.a4 Qd8 13.Be3 Qa5 14.Nd5 Nd7 15.Nd4 Rfe8
16.b4 Qd8 17.a5 Rc8 18.Rc1 Nce5 19.Qb3 e6 20.Nb6 Nxb6 21.axb6 Nd7 22.Rfd1 Nxb6
23.c5 Na8 24.Nc2 d5 25.exd5 exd5 26.Rxd5 Qe7 27.Rcd1  1/2-1/2

[Event "XXII Open"]
[Site "Reykjavik ISL"]
[Date "2006.03.06"]
[Round "1"]
[White "Gutierrez Castillo,P"]
[Black "Adly,A"]
[Result "0-1"]
[WhiteElo "2158"]
[BlackElo "2473"]

1.e4 c5 2.Nf3 d6 3.Bb5+ Nd7 4.c3 Nf6 5.e5 a6 6.Bxd7+ Nxd7 7.exd6 e6 8.d4 Bxd6
9.O-O O-O 10.Na3 b5 11.Nc2 Bb7 12.Qd3 Qc7 13.h3 e5 14.dxe5 Nxe5 15.Nxe5 Bxe5
16.Bg5 f6 17.Bh4 Rad8 18.Qf5 Bh2+ 19.Kh1 g5 20.Bg3 Bxg3 21.fxg3 Qxg3 22.Rf2 Rd5
23.Qe6+ Rf7 24.Qe3 Qd6 25.Raf1 Rd3 26.Qe8+ Rf8 27.Qh5 Rg3 28.Ne1 Kg7 29.Kg1 Be4
30.Qe2 f5 31.Qd2 Rd8 32.Qc1 f4 33.Nf3 Bxf3 34.Rxf3 Rxf3 35.gxf3 Qd2 36.Qb1 Qe3+
37.Kh1 Qe6 38.Qe1 Qxh3+ 39.Kg1 Qg3+ 40.Kh1 Qxe1 41.Rxe1  0-1

[Event "ch-EST w"]
[Site "Tallinn EST"]
[Date "2006.03.07"]
[Round "4"]
[White "Fomina,T"]
[Black "Tsiganova,M"]
[Result "1-0"]
[WhiteElo "2196"]
[BlackElo "2282"]

1.e4 c5 2.Nf3 d6 3.Bb5+ Nd7 4.d4 cxd4 5.Qxd4 a6 6.Bxd7+ Bxd7 7.Nc3 e6 8.Bg5 Nf6
9.Rd1 h6 10.Bh4 e5 11.Qd3 g5 12.Bg3 Qa5 13.O-O Rc8 14.Rfe1 Be7 15.a3 Qc5
16.Qe2 O-O 17.Rd3 Be6 18.Nd2 Kg7 19.h3 b5 20.Nf1 a5 21.Ne3 b4 22.axb4 axb4
23.Ncd5 Nxd5 24.Rxd5 Qc6 25.Red1 f5 26.exf5 Bxf5 27.Nxf5+ Rxf5 28.R1d2 Rcf8
29.Qb5 Qa8 30.Qxb4 h5 31.Bxe5+ dxe5 32.Qxe7+ R8f7 33.Qd8 Qa1+ 34.Kh2 Qa4
35.Rd7 Qf4+ 36.Kg1 g4 37.g3 Qh6 38.h4 Kh7 39.Qe8 Qg7 40.Rxf7 Rxf7 41.Qe6 Qf6
42.Qxf6 Rxf6 43.Kf1 Kg6 44.Ke2 Kf5 45.Ke3 Rb6 46.b3 Rb8 47.Rd6 Rc8 48.c4 Rb8
49.Rd3 Rb4 50.c5 Ke6 51.c6 Rb6 52.Rc3 Rb8 53.c7 Rc8 54.b4  1-0

[Event "ch-BLR"]
[Site "Minsk BLR"]
[Date "2006.03.08"]
[Round "5"]
[White "Maljush,A"]
[Black "Fedorov,Alex"]
[Result "1-0"]
[WhiteElo "2355"]
[BlackElo "2608"]

1.e4 c5 2.Nf3 d6 3.Bb5+ Nd7 4.O-O Nf6 5.Re1 a6 6.Bf1 b6 7.Nc3 Bb7 8.d3 e6
9.Ng5 h6 10.Nh3 Be7 11.f4 Qc7 12.a3 O-O-O 13.Ne2 g5 14.c4 gxf4 15.Bxf4 Rhg8
16.Nc3 Ng4 17.Nf2 h5 18.h3 Nxf2 19.Kxf2 Bh4+ 20.g3 Bf6 21.Qxh5 Bd4+ 22.Ke2 f5
23.Qf7 e5 24.Bh6 Bxc3 25.bxc3 fxe4 26.g4 exd3+ 27.Kxd3 Qc6 28.Kc2 d5 29.g5 d4
30.Kb3 b5 31.Rab1 b4 32.axb4 cxb4 33.cxd4 exd4 34.Qf5 Rgf8 35.Bxf8 Rxf8 36.Qa5 Qf3+
37.Ka2 Qc3 38.Qxb4 Rf2+ 39.Be2 Bf3 40.Qxc3 dxc3 41.Rbc1 Bxe2 42.Rxc3 Bh5+
43.Ka3 Rg2 44.h4 Rg4 45.Re6 Rxh4 46.Rc6+ Kd8 47.Rh6 Ne5 48.Rh8+ Kc7 49.Kb4 Rh1
50.Kc5 Nd7+ 51.Kb4 Rb1+ 52.Rb3 a5+ 53.Kc3 Rxb3+ 54.Kxb3 Bg6 55.Kc3 a4 56.Kd4 Nb6
57.Rh3 Nc8 58.Re3 Bc2 59.Kc3 Bb1 60.Kb4 Nb6 61.Re7+ Kc6 62.g6 a3 63.g7 Bh7
64.Ra7 Nxc4 65.Kxc4 a2 66.Kb3 Kd6 67.Rxa2 Ke7 68.Rf2  1-0

[Event "XXII Open"]
[Site "Reykjavik ISL"]
[Date "2006.03.09"]
[Round "4"]
[White "Kjartansson,D"]
[Black "Bergsson,St"]
[Result "1-0"]
[WhiteElo "2260"]
[BlackElo "2144"]

1.e4 c5 2.Nf3 d6 3.Bb5+ Nd7 4.O-O Nf6 5.Re1 a6 6.Bf1 Ne5 7.Nxe5 dxe5 8.d3 g6
9.Be3 Qc7 10.h3 Bg7 11.Nc3 O-O 12.Qd2 Rd8 13.b3 b5 14.Qc1 Bb7 15.a4 Qc6 16.Bh6 Bh8
17.Qe3 Rac8 18.axb5 axb5 19.Ra5 b4 20.Na4 Nd7 21.Ra1 f5 22.exf5 gxf5 23.Qg5+ Qg6
24.d4 Kf7 25.dxc5 Rg8 26.Rd1 Nb8 27.Ra7 Rc7 28.Bc4+ e6 29.Rd6 Qxg5 30.Bxg5 Rxg5
31.Bxe6+ Ke8 32.Bd5 Rgg7 33.Rb6 Bxd5 34.Rxb8+ Kd7 35.Nb6+ Kc6 36.Rxc7+ Kxc7
37.Rc8+ Kb7 38.Rxh8 Bxg2 39.Nc4 Bd5+ 40.Kf1 Bg8 41.Nxe5 f4 42.Nd3 f3 43.Ke1 Kc8
44.Kd2 Kd7 45.Nxb4 Ke6 46.c6 Kf6 47.c7  1-0

[Event "55th ch-BUL w"]
[Site "Svilengrad BUL"]
[Date "2006.03.09"]
[Round "10"]
[White "Djingarova,E"]
[Black "Andreeva,P"]
[Result "1/2-1/2"]
[WhiteElo "2346"]
[BlackElo "2071"]

1.e4 c5 2.Nf3 d6 3.Bb5+ Bd7 4.Bxd7+ Qxd7 5.c4 Nf6 6.Nc3 Nc6 7.d4 cxd4 8.Nxd4 g6
9.f3 Bg7 10.Nde2 Rc8 11.O-O O-O 12.Kh1 Ne8 13.Be3 Na5 14.b3 b5 15.Nxb5 Bxa1
16.Qxa1 a6 17.Nbc3 f6 18.Nd5 Qb7 19.Nd4 e5  1/2-1/2

[Event "ch-BLR"]
[Site "Minsk BLR"]
[Date "2006.03.10"]
[Round "7"]
[White "Kasparov,S"]
[Black "Tihonov,J"]
[Result "1/2-1/2"]
[WhiteElo "2491"]
[BlackElo "2492"]

1.e4 c5 2.Nf3 d6 3.Bb5+ Bd7 4.Bxd7+ Nxd7 5.O-O Ngf6 6.Qe2 e6 7.b3 g6 8.Bb2 Bg7
9.c3 Ne5 10.Nxe5 dxe5 11.Qb5+ Qd7 12.Qxd7+ Kxd7 13.d3 Rhd8 14.Na3 Ke8 15.Rfd1 Ng8
16.Kf1 Ne7 17.Bc1 Nc6 18.Be3 Bf8 19.Ke2 Be7 20.Nc2 Rac8 21.Rdc1 Rd7 22.a3 Rdc7
23.Bd2 b6 24.b4 Nd8 25.Ne3 Nb7 26.Nc4 f6 27.b5 Nd6 28.Nxd6+ Bxd6 29.a4 a6
30.a5 axb5 31.Rcb1 Ra7 32.Rxb5 Bc7 33.c4 Bd8 34.Kd1 Kd7 35.Kc2 Kc6 36.Rab1 bxa5
37.Rxc5+  1/2-1/2

[Event "55th ch-BUL w"]
[Site "Svilengrad BUL"]
[Date "2006.03.10"]
[Round "11"]
[White "Draganova,P"]
[Black "Jordanova,S"]
[Result "0-1"]
[WhiteElo "2049"]
[BlackElo "2187"]

1.e4 c5 2.Nf3 d6 3.Bb5+ Bd7 4.Bxd7+ Qxd7 5.O-O Nf6 6.Re1 Nc6 7.c3 e6 8.d4 cxd4
9.Nxd4 Be7 10.f4 Nxd4 11.Qxd4 d5 12.exd5 Qxd5 13.Qxd5 Nxd5 14.a3 O-O 15.c4 Nb6
16.b3 Rfd8 17.Be3 Rd3 18.Nd2 Rad8 19.Ra2 Rxe3 20.Rxe3 Bc5 21.Kf2 Rd3 22.Nf1 Rxb3
23.Ke2 Bxe3 24.Nxe3 Kf8 25.g4 Ke7 26.h4 Na4 27.Ra1 Nc3+ 28.Kf3 a5 29.f5 a4
30.Kf4 Nb1 31.Nc2 Nd2 32.Ne3 e5+ 33.Kxe5 Rxe3+ 34.Kd4 Nb3+ 35.Kxe3 Nxa1 36.Kd3 Kd6
37.Kc3 Kc5  0-1

[Event "U20ch-RUS w"]
[Site "Cheboksary RUS"]
[Date "2006.03.11"]
[Round "10"]
[White "Fominykh,M"]
[Black "Chistiakova,T"]
[Result "1/2-1/2"]
[WhiteElo "2332"]
[BlackElo "2326"]

1.e4 c5 2.Nf3 d6 3.Bb5+ Bd7 4.Bxd7+ Nxd7 5.O-O Ngf6 6.Qe2 Rc8 7.c3 e6 8.d3 Be7
9.Ng5 h6 10.Nh3 O-O 11.f4 e5 12.Na3 exf4 13.Nxf4 Ne5 14.Nc2 Ng6 15.Ne3 Nxf4
16.Rxf4 Re8 17.Bd2 d5 18.e5 d4 19.Nf5 Bd6 20.Nxd6 Qxd6 21.Re1 Qe6 22.c4 Nd7
23.Re4 b5 24.cxb5 Rb8 25.a4 a6 26.b4 axb5 27.axb5 Rxb5 28.bxc5 Nxc5 29.Rxd4 Rb2
30.Rb4 Rxb4 31.Bxb4 Nxd3 32.Qxd3  1/2-1/2

[Event "FIDE WCh Women KO"]
[Site "Ekaterinburg RUS"]
[Date "2006.03.11"]
[Round "1.1"]
[White "Zapata,K"]
[Black "Lahno,Kateri"]
[Result "1/2-1/2"]
[WhiteElo "2218"]
[BlackElo "2500"]

1.e4 c5 2.Nf3 d6 3.Bb5+ Bd7 4.Bxd7+ Qxd7 5.O-O Nc6 6.d4 cxd4 7.Nxd4 Nf6 8.Re1 g6
9.Nc3 Bg7 10.Nxc6 bxc6 11.Bg5 h6 12.Bh4 O-O 13.e5 dxe5 14.Qxd7 Nxd7 15.Bxe7 Rfe8
16.Bd6 f5 17.f3 Nb6 18.Rad1 Rad8 19.Bc7 Rxd1 20.Rxd1 Nc4 21.b3 Na3 22.Rd6 Nxc2
23.Rxc6 Nd4 24.Rxg6 Ne6 25.Bxe5 Kf7 26.Rxg7+ Nxg7 27.f4 Rd8 28.b4 Ne6 29.a4 Rd3
30.Kf2 Nxf4 31.Bxf4 Rxc3 32.Bxh6 Rc2+ 33.Kf3 Rc3+ 34.Ke2 Rc4 35.Be3 Rxb4
36.Bxa7 Rxa4 37.Be3 Ke6 38.Kf3 Ke5 39.g3 Ra2 40.h4 Rh2 41.Bg5 Rh1 42.Kg2 Rb1
43.h5 Rb2+ 44.Kh3 Rb1 45.h6 Rh1+ 46.Kg2 Rh5 47.Bf4+ Kf6 48.Be3 Kg6 49.Bf4 Kh7
50.Be3 Kg6 51.Bf4 Kh7  1/2-1/2

[Event "TCh-FIN 2005-6"]
[Site "Espoo FIN"]
[Date "2006.03.11"]
[Round "8"]
[White "Westerinen,H"]
[Black "Lehtinen,H"]
[Result "1-0"]
[WhiteElo "2382"]
[BlackElo "2372"]

1.e4 c5 2.Nf3 d6 3.Bb5+ Nd7 4.d4 a6 5.Bxd7+ Bxd7 6.d5 e5 7.dxe6 Bxe6 8.Nc3 Nf6
9.O-O Be7 10.Re1 O-O 11.Bf4 Re8 12.Ng5 Bc4 13.b3 Bb5 14.Nxb5 axb5 15.Qd3 Nh5
16.Nh3 Nxf4 17.Nxf4 Bf6 18.c3 b4 19.Nd5 bxc3 20.a4 Bd4 21.Rac1 Re6 22.Nxc3 Qh4
23.Qg3 Qxg3 24.hxg3 Bxc3 25.Rxc3 f5 26.Rce3 fxe4 27.Rxe4 Rxe4 28.Rxe4 Kf7
29.Kf1 Re8 30.Rf4+ Ke6 31.Ke2 d5 32.Kd3 Re7 33.Rf8 Rf7 34.Rb8 Kd6 35.f3 Kc6
36.Rc8+ Kd6 37.Rd8+ Rd7 38.Rc8 Re7 39.Rd8+ Kc6 40.Rc8+ Kd6 41.Rd8+ Kc6 42.Rc8+ Kb6
43.Rd8 Ka5 44.Rxd5 Kb4 45.Kd2 Kxb3 46.Rxc5 Kxa4 47.Rc1 Rd7+ 48.Ke3 b5 49.Ra1+ Kb3
50.Rb1+ Kc4 51.Rc1+ Kb4 52.Rb1+ Kc5 53.Rc1+ Kb6 54.Rb1 Rd5 55.g4 Kc5 56.Rc1+ Kb4
57.Rc7 Rg5 58.Kd4 Kb3 59.Rc1 b4 60.Rb1+ Ka3 61.Kc4 h5 62.gxh5 Rxg2 63.Rb3+ Ka2
64.Rxb4 Rg3 65.Rb7 Rxf3  1-0

[Event "ch-BLR"]
[Site "Minsk BLR"]
[Date "2006.03.11"]
[Round "8"]
[White "Teterev,V"]
[Black "Zhigalko,A"]
[Result "1/2-1/2"]
[WhiteElo "2507"]
[BlackElo "2505"]

1.e4 c5 2.Nf3 d6 3.Bb5+ Bd7 4.Bxd7+ Qxd7 5.O-O Nf6 6.e5 dxe5 7.Nxe5 Qc8 8.Qf3 e6
9.Nc3 Be7 10.d3 O-O 11.Bg5 Nd5 12.Bxe7  1/2-1/2

[Event "ch-USA GpA"]
[Site "San Diego USA"]
[Date "2006.03.11"]
[Round "9"]
[White "Stein,Alan"]
[Black "Tate,E"]
[Result "1-0"]
[WhiteElo "2415"]
[BlackElo "2391"]

1.e4 c5 2.Nf3 d6 3.Bb5+ Nd7 4.d4 Nf6 5.Nc3 cxd4 6.Qxd4 e5 7.Qd3 h6 8.a4 Be7
9.Be3 O-O 10.O-O a6 11.Bc4 b6 12.Nh4 Re8 13.Rfd1 Nf8 14.Nf5 Bxf5 15.exf5 a5
16.Nd5 Rb8 17.Qb3 Kh8 18.Bb5 N6d7 19.Nxe7 Qxe7 20.Qd3 Red8 21.Qxd6 Qh4 22.h3 Qe4
23.Qd3 Qxd3 24.Rxd3 Nc5 25.Rxd8 Rxd8 26.b4 axb4 27.Bxc5 bxc5 28.a5 Ra8 29.a6 Ra7
30.Rd1 g5 31.Rd8 Kg7 32.f6+ Kxf6 33.Rxf8 Ke7 34.Rb8 Kd6 35.Rb6+ Kd5 36.Rb7 Ra8
37.Rxf7 c4 38.Rc7 b3 39.cxb3  1-0

[Event "Victor Ciocaltea Mem"]
[Site "Bucharest ROM"]
[Date "2006.03.12"]
[Round "5"]
[White "Sanduleac,V"]
[Black "Lupulescu,C"]
[Result "0-1"]
[WhiteElo "2473"]
[BlackElo "2513"]

1.e4 c5 2.Nf3 d6 3.Bb5+ Bd7 4.Bxd7+ Qxd7 5.O-O Nf6 6.e5 dxe5 7.Nxe5 Qc7 8.d4 cxd4
9.Bf4 Qb6 10.Nd2 e6 11.Ndc4 Qc5 12.c3 Be7 13.cxd4 Qb5 14.a4 Qa6 15.Bg5 Nc6
16.Bxf6 gxf6 17.Nxc6 bxc6 18.Ne3 O-O 19.Rc1 Kh8 20.Qh5 Qxa4 21.Rc3 Qxd4 22.Rxc6 f5
23.Rc7 Qh4 24.Qxh4 Bxh4 25.Ra1 Bf6 26.Raxa7 Rxa7 27.Rxa7 Bxb2 28.g3 Bd4 29.Ra3 Rc8
30.Rd3 Bb6 31.Kg2 Kg7 32.Kf3 Rc1 33.h3 Kg6 34.Nd1 Rc2 35.Rd6 Ba7 36.Ra6 Bd4
37.Ne3 Rc3 38.Rd6 Bxe3 39.fxe3 h5 40.h4 Rc2 41.Ra6 Kg7 42.Ra4 e5 43.e4 Kg6
44.exf5+ Kxf5 45.Rb4 f6 46.Ra4 Rc3+ 47.Kf2 e4 48.Rb4 Rc2+ 49.Ke3 Rg2 50.Rb5+ Kg4
51.Kxe4 Rxg3 52.Rb6 Rf3 53.Rb1 f5+ 54.Ke5 Kxh4 55.Rh1+ Kg4 56.Rg1+ Rg3 57.Rf1 Re3+
58.Kf6 f4 59.Rg1+ Rg3  0-1

[Event "FSIMB March"]
[Site "Budapest HUN"]
[Date "2006.03.12"]
[Round "9"]
[White "Karim,I"]
[Black "Pirisi,G"]
[Result "1/2-1/2"]
[WhiteElo "2234"]
[BlackElo "2298"]

1.e4 c5 2.Nf3 d6 3.Bb5+ Nd7 4.d4 cxd4 5.Qxd4 a6 6.Bxd7+ Bxd7 7.Bg5 Bc6 8.Nc3 Nf6
9.O-O-O Qa5 10.Rhe1 O-O-O 11.Kb1 h6 12.Bxf6 gxf6 13.Qa7 Qc5 14.Qxc5 dxc5
15.Nd5 e6 16.Nxf6 Rxd1+ 17.Rxd1 Be7 18.e5 Bxf6 19.exf6 Bxf3 20.gxf3 Rg8 21.f4 Rg6
22.f5 exf5 23.b3 Rxf6 24.Rd5 b6 25.f4 Kc7 26.h4 Kc6 27.c4 b5 28.a3 bxc4 29.bxc4 Re6
30.Rxf5 f6 31.Rh5 Re4 32.Rf5 Rxc4 33.Rxf6+ Kb5 34.h5 Ka4 35.Kb2 a5 36.Rxh6 Rxf4
37.Rb6 Rf3 38.h6 Rh3 39.Kc2 Kxa3 40.Rb5 Rh2+ 41.Kc3 a4 42.Rxc5 Rxh6 43.Rc4 Rh2
44.Rg4  1/2-1/2

[Event "FIDE WCh Women KO"]
[Site "Ekaterinburg RUS"]
[Date "2006.03.12"]
[Round "1.2"]
[White "Kovalevskaya,E"]
[Black "Pina,S"]
[Result "1/2-1/2"]
[WhiteElo "2458"]
[BlackElo "2358"]

1.e4 c5 2.Nf3 d6 3.Bb5+ Bd7 4.Bxd7+ Qxd7 5.O-O Nc6 6.c3 Nf6 7.Re1 g6 8.d4 cxd4
9.cxd4 Bg7 10.Nc3 O-O 11.Bg5 h6 12.Bxf6 Bxf6 13.e5 Bg7 14.Qe2 Rae8 15.Rad1 Kh7
16.h4 f5 17.e6 Qc7 18.Nd5 Qa5 19.Nf4 Bf6 20.d5 Ne5 21.h5 gxh5 22.Nxh5 Nxf3+
23.Qxf3 Bxb2 24.Re3 Rc8 25.Qe2 Bh8 26.Ng3 Qa4 27.Rf3 Rc2 28.Qf1 Qc4 29.Qxc4 Rxc4
30.Nxf5 Bf6 31.Ne3 Ra4 32.Rd2 Rc8 33.g3 Kg6 34.Ng2 Rc1+ 35.Kh2 Bg5 36.Rb2 b6
37.Rf7 Rd4 38.Nf4+ Bxf4 39.gxf4 Rxd5 40.Rxe7 Kf6 41.Rxa7 Kxe6 42.Rb7 Rc4
43.R7xb6 Rxf4 44.R6b4 Rxb4 45.Rxb4 Rd2 46.Kg3 Rxa2 47.Rh4 Ra3+ 48.Kg4 Ke5
49.f4+ Ke4 50.Rxh6 d5 51.Re6+ Kd3 52.f5 d4 53.f6 Ra8 54.Kf5 Kd2 55.f7 Rf8
56.Kf6 d3 57.Re8  1/2-1/2

[Event "US Masters"]
[Site "Hendersonville USA"]
[Date "2006.03.12"]
[Round "3"]
[White "Pohl,K"]
[Black "Haessel,D"]
[Result "1-0"]
[WhiteElo "2270"]
[BlackElo "2183"]

1.e4 c5 2.Nf3 d6 3.Bb5+ Nd7 4.O-O Nf6 5.Re1 a6 6.Bf1 b6 7.d4 cxd4 8.Nxd4 Bb7
9.Nc3 e6 10.g3 Be7 11.Bg2 Qc7 12.a4 O-O 13.Bg5 Rfe8 14.Qe2 Rac8 15.h4 h6
16.Be3 Bf8 17.Rad1 Qc4 18.Qxc4 Rxc4 19.Nde2 Rec8 20.Rd4 Ne5 21.Rxc4 Nxc4
22.Bc1 Nd7 23.Rd1 Nce5 24.Bf4 Be7 25.Be3 Nc5 26.f4 Nc6 27.Nd4 Nb4 28.Bf2 Kf8
29.Rd2 Bf6 30.Nde2 Ke7 31.Bxc5 bxc5 32.e5 dxe5 33.Bxb7 Rb8 34.fxe5  1-0

[Event "Bundesliga 2005-6"]
[Site "Kirchheim GER"]
[Date "2006.03.12"]
[Round "13"]
[White "Wippermann,T"]
[Black "Miroshnichenko,E"]
[Result "0-1"]
[WhiteElo "2457"]
[BlackElo "2619"]

1.e4 c5 2.Nf3 d6 3.Bb5+ Nc6 4.Bxc6+ bxc6 5.O-O e5 6.c3 f5 7.exf5 Bxf5 8.d4 e4
9.Nfd2 d5 10.f3 e3 11.Re1 Bd6 12.Nf1 Ne7 13.dxc5 Bxc5 14.Bxe3 Bd6 15.Nbd2 O-O
16.Nb3 a5 17.Nd4 Bd7 18.Bg5 Rf7 19.Qd2 Qc8 20.Ne2 Ng6 21.Nfg3 Qb7 22.b3 c5
23.c4 h6 24.Qc2 Ne5 25.Bd2 d4 26.Ne4 Bc7 27.Nc1 Qc6 28.Ng3 Nxf3+ 29.gxf3 Bxg3
30.hxg3 Qxf3 31.Qe4 Qf2+ 32.Kh1 Re8 33.Qxe8+ Bxe8 34.Rxe8+ Kh7 35.Be1 Qb2  0-1

[Event "XXII Open"]
[Site "Reykjavik ISL"]
[Date "2006.03.12"]
[Round "7"]
[White "Rogers,I"]
[Black "Adly,A"]
[Result "0-1"]
[WhiteElo "2547"]
[BlackElo "2473"]

1.e4 c5 2.Nf3 d6 3.Bb5+ Nd7 4.d4 Nf6 5.Nc3 a6 6.Bxd7+ Nxd7 7.O-O e6 8.Bg5 Qc7
9.a4 cxd4 10.Qxd4 Ne5 11.Rfd1 Bd7 12.Bf4 f6 13.Nd2 Be7 14.h3 O-O 15.Be3 Rac8
16.a5 f5 17.exf5 Rxf5 18.Nce4 Nc6 19.Qc3 Rxa5 20.Rxa5 Qxa5 21.Qxa5 Nxa5 22.Nxd6 Rxc2
23.b4 Nc6 24.Nxb7 Nxb4 25.Nf3 Nd5 26.Bg5 Bb4 27.Ra1 Bc8 28.Nd8 Bc5 29.Bh4 Bb6
30.Nxe6 Bxe6 31.Rxa6 h6 32.Ra8+ Kh7 33.Bg3 Nc3 34.Ra6 Rb2 35.Kh2 Bc4 36.Ra3 Ne4
37.Ne5 Bd5 38.Nd3 Rb1 39.h4 Nxg3  0-1

[Event "XXII Open"]
[Site "Reykjavik ISL"]
[Date "2006.03.13"]
[Round "8"]
[White "Arngrimsson,D"]
[Black "Ermenkov,E"]
[Result "1/2-1/2"]
[WhiteElo "2298"]
[BlackElo "2462"]

1.e4 c5 2.Nf3 d6 3.Bb5+ Nc6 4.c3 Nf6 5.Qe2 Bd7 6.d4 cxd4 7.cxd4 d5 8.e5 Ne4
9.O-O e6 10.Be3 Be7 11.Ne1 f6 12.Bxc6 bxc6 13.f3 Ng5 14.exf6 Bxf6 15.Nd3 Nf7
16.Nc3 O-O 17.f4 Qa5 18.Nc5 Bc8 19.Kh1 Re8 20.g4 g6 21.Bg1 Qd8 22.Rae1 Nd6
23.Qd3 a5 24.Re2 Ra7 25.Rfe1 Rae7 26.Bf2 Qb6 27.a3 Qa7 28.h3 Nc4 29.N3a4 Nd6
30.Bg3 Kh8 31.Nc3 Nf7 32.Kg2 Qb6 33.N3a4 Qa7 34.Bf2 Nd6 35.Qg3 Nf7 36.Qd3 Qb8
37.Qf3 Nd6 38.Rd1 Nf7 39.h4 Qa7 40.Rh1 Bg7 41.g5 Kg8 42.h5 Nd6 43.hxg6 hxg6
44.Qh3 Kf7 45.Qd3 Nf5 46.Ree1 Qb8 47.Qd2 Rh8 48.Rxh8 Bxh8 49.Rh1 Bg7 50.Nc3 Re8
51.Ne2 Qb6 52.Ng1 Rh8 53.Nf3 Rxh1 54.Kxh1 Qd8 55.Kg2 Qh8 56.Qxa5 Qh5 57.Qc7+ Ne7
58.Nd3 e5 59.Ndxe5+ Bxe5 60.Nxe5+ Ke8 61.Kg1 Qd1+ 62.Kg2 Qh5 63.Kg1 Qd1+
64.Kg2 Qh5  1/2-1/2

[Event "ch-BLR"]
[Site "Minsk BLR"]
[Date "2006.03.16"]
[Round "13"]
[White "Kasparov,S"]
[Black "Fedorov,Alex"]
[Result "1/2-1/2"]
[WhiteElo "2491"]
[BlackElo "2608"]

1.e4 c5 2.Nf3 d6 3.Bb5+ Nd7 4.c3 Nf6 5.Qe2 a6 6.Ba4 e5 7.O-O Be7 8.d4 b5
9.Bc2 O-O 10.a4 Bb7 11.Re1 cxd4 12.cxd4 Qc7 13.Bg5 h6 14.Bh4 Rfe8 15.axb5 exd4
16.Nxd4 Qb6 17.Nf5 axb5 18.Rxa8 Bxa8 19.Qe3 Qxe3 20.Nxe7+ Rxe7 21.Rxe3 d5
22.Bxf6 Nxf6 23.exd5 Rxe3 24.fxe3 Nxd5 25.Be4 b4 26.Kf2 Kf8 27.Nd2 Bc6 28.Bxd5 Bxd5
29.e4 Be6 30.Ke3 Ke7 31.Nf3 Kd6 32.Kd4 Kc6 33.Ne5+ Kb5 34.Nd3 g5 35.e5 Bd7
36.g3 Bc6 37.Nc5 Bf3 38.h4 gxh4 39.gxh4 Bg4 40.Ne4 Be6 41.Nc5 Bg4 42.Nd3 Bf3
43.Nc5 Bg4  1/2-1/2

[Event "2nd Bundesliga Ost 2005-6"]
[Site "Austria AUT"]
[Date "2006.03.18"]
[Round "10"]
[White "Zsifkovits,R"]
[Black "Pachta,P"]
[Result "0-1"]
[WhiteElo "2224"]
[BlackElo "2237"]

1.e4 c5 2.Nf3 d6 3.Bb5+ Nc6 4.O-O Bg4 5.h3 Bh5 6.c3 a6 7.Bxc6+ bxc6 8.d3 Nf6
9.Nbd2 Qc7 10.Qa4 e6 11.g4 Bg6 12.Nh4 d5 13.f4 Be7 14.Ng2 h6 15.Rf3 Nd7 16.Qc2 c4
17.dxc4 dxe4 18.Nxe4 h5 19.Qe2 hxg4 20.hxg4 Bxe4 21.Qxe4 Nf6 22.Qe2 Nxg4
23.b4 a5 24.Bd2 axb4 25.cxb4 Bxb4 26.Bxb4 Qb6+ 27.Ne3 Nxe3 28.Rxe3 Qxb4 29.Kg2 O-O-O
30.Rb3 Qa5 31.Qf3 Kc7 32.Qe3 Rd2+ 33.Kg3 Rh3+ 34.Kxh3 Qh5+  0-1

[Event "US Masters"]
[Site "Hendersonville USA"]
[Date "2006.03.18"]
[Round "6"]
[White "Pohl,K"]
[Black "Harris,Da"]
[Result "1-0"]
[WhiteElo "2270"]
[BlackElo "2185"]

1.e4 c5 2.Nf3 d6 3.Bb5+ Bd7 4.a4 Nf6 5.Qe2 Nc6 6.c3 a6 7.Bd3 Qc7 8.Bc2 Rc8
9.d3 g6 10.O-O Bg7 11.h3 O-O 12.Nbd2 Nh5 13.Nc4 b5 14.axb5 axb5 15.Ne3 e6
16.Ng4 Kh8 17.Bh6 f5 18.Bxg7+ Kxg7 19.exf5 gxf5 20.Ngh2 Nf4 21.Qd2 e5 22.d4 cxd4
23.cxd4 Ng6 24.Bb3 e4 25.Ng5 h6 26.Ne6+ Bxe6 27.Bxe6 Rce8 28.Rfc1 Qb6 29.d5 Nce5
30.Qc3 Re7 31.Nf1 f4 32.Re1 e3 33.fxe3 f3 34.gxf3 b4 35.Qc2 Nxf3+ 36.Kh1 Nxe1
37.Rxe1 Nh4 38.Nh2 Kh8 39.Qe4 Nf5 40.Qf4 Rxe6 41.dxe6 Qc6+ 42.e4 Qa8 43.Nf3  1-0

[Event "2nd Bundesliga Ost 2005-6"]
[Site "Austria AUT"]
[Date "2006.03.19"]
[Round "11"]
[White "Vyskocil,N"]
[Black "Miniboeck,G"]
[Result "1/2-1/2"]
[WhiteElo "2293"]
[BlackElo "2351"]

1.e4 c5 2.Nf3 d6 3.Bb5+ Bd7 4.Bxd7+ Qxd7 5.O-O Nf6 6.e5 dxe5 7.Nxe5 Qd6 8.Re1 Nc6
9.Nc4 Qd7 10.Nc3 e6 11.d3 Be7 12.Bf4 O-O 13.Ne5 Nxe5 14.Bxe5 Rad8 15.Re3 Nd5
16.Nxd5 Qxd5 17.Bc3 Rfe8 18.Qg4 g6 19.Re5 Qc6 20.Re3 Rd5 21.Rae1 Bf8 22.Rh3 h5
23.Qf4 Bg7 24.Bxg7  1/2-1/2

[Event "2nd Bundesliga Ost 2005-6"]
[Site "Austria AUT"]
[Date "2006.03.19"]
[Round "11"]
[White "Franzen,Joz"]
[Black "Brod,M"]
[Result "1-0"]
[WhiteElo "2379"]
[BlackElo "2266"]

1.e4 c5 2.Nf3 d6 3.Bb5+ Nc6 4.O-O e5 5.c3 Qb6 6.Na3 a6 7.Ba4 Qc7 8.h3 b5
9.Bc2 Be7 10.d4 Nf6 11.d5 Nb8 12.c4 b4 13.Nb1 Nbd7 14.Nbd2 Nb6 15.Kh2 a5
16.Bd3 a4 17.Ng1 g5 18.Re1 g4 19.Nf1 h5 20.Ne3 Bd7 21.Qe2 O-O-O 22.Bd2 Rdg8
23.Rf1 Kb8 24.f4 exf4 25.Rxf4 gxh3 26.gxh3 Ng4+ 27.hxg4 hxg4+ 28.Kg2 g3 29.Nf3 Bh3+
30.Kg1 Qd8 31.Nf5 Bf6 32.e5 Bg5 33.exd6 Bxf4 34.Bxf4 g2 35.Ne7 Ka8 36.Nxg8 Qxg8
37.Ng5 Qg7 38.Re1 Nd7 39.Nxh3 Rxh3 40.Qe8+ Nb8 41.Qxa4+  1-0

[Event "Sozina Open"]
[Site "Bar SCG"]
[Date "2006.03.19"]
[Round "2"]
[White "Djoric,D"]
[Black "Arsovic,G"]
[Result "0-1"]
[WhiteElo "2314"]
[BlackElo "2450"]

1.e4 c5 2.Nf3 d6 3.Bb5+ Bd7 4.Bxd7+ Qxd7 5.O-O Nf6 6.Re1 Nc6 7.c3 e6 8.d4 cxd4
9.cxd4 d5 10.e5 Ne4 11.Nbd2 Nxd2 12.Bxd2 Be7 13.a3 O-O 14.b4 a6 15.Bg5 Rfc8
16.Bxe7 Nxe7 17.Nd2 Nf5 18.Nb3 b6 19.a4 Rc4 20.a5 Rxb4 21.g4 Nh4 22.axb6 Qb5
23.Re3 Qxb6 24.Rh3 Rb8 25.Rxh4 Rxb3 26.Kg2 Rb1 27.Qxb1 Qxb1 28.Rxb1 Rxb1
29.Rh3 Rd1 30.Ra3 Rxd4 31.f3 Rd2+ 32.Kg3 g5 33.h4 h6 34.hxg5 hxg5 35.f4 gxf4+
36.Kxf4 Rd4+ 37.Kg5 Kg7 38.Rxa6 Re4  0-1

[Event "TCh-HUN 2005-6"]
[Site "Hungary HUN"]
[Date "2006.03.19"]
[Round "9"]
[White "Emodi,G"]
[Black "Pergel,L"]
[Result "1-0"]
[WhiteElo "2362"]
[BlackElo "2341"]

1.e4 c5 2.Nf3 d6 3.Bb5+ Nd7 4.c3 Nf6 5.Qe2 a6 6.Ba4 b5 7.Bc2 Bb7 8.d4 e5
9.Nbd2 Be7 10.O-O O-O 11.Rd1 Re8 12.dxe5 dxe5 13.Nf1 Qc7 14.Ng3 Bf8 15.Nf5 c4
16.Bg5 h6 17.Bh4 g6 18.Ne3 Bg7 19.Nd5 Nxd5 20.exd5 f5 21.d6 Qc6 22.b3 Re6
23.Be7 Bf8 24.bxc4 bxc4 25.Rab1 Bxe7 26.Rxb7 Rxd6 27.Rdb1 Bf6 28.Nd2 Rc8
29.Nxc4 Rd5 30.Ne3 Rb5 31.R1xb5 axb5 32.Bb3+ Kh8 33.Bd5 Qd6 34.Qxb5 Rc7 35.Nc4 Rxb7
36.Qxb7 Qb8 37.Qb4 Qc7 38.Nd6 Qc5 39.Be6 Be7 40.Nc8 Qxc8 41.Qxe7 Qb8 42.h3  1-0

[Event "TCh-HUN 2005-6"]
[Site "Hungary HUN"]
[Date "2006.03.19"]
[Round "9"]
[White "Videki,S"]
[Black "Papp,Ge"]
[Result "1-0"]
[WhiteElo "2426"]
[BlackElo "2304"]

1.e4 c5 2.Nf3 d6 3.Bb5+ Nd7 4.d4 Nf6 5.O-O cxd4 6.Qxd4 e5 7.Qd3 h6 8.Nc3 Be7
9.Be3 O-O 10.a4 Nb8 11.Bc4 Nc6 12.h3 Be6 13.Nd5 Bxd5 14.Bxd5 Nb4 15.Qb3 Nbxd5
16.exd5 Qc7 17.c4 Nd7 18.Rac1 f5 19.c5 f4 20.cxd6 Qxd6 21.Bd2 Kh8 22.Rfe1 Nc5
23.Rxc5 Qxc5 24.Nxe5 Bd6 25.Ng6+ Kg8 26.Nxf8 Rxf8 27.Rc1 Qd4 28.Bc3 Qd3 29.Qxb7 Qg6
30.Qd7 Re8 31.Qg4 Qf7 32.Qf3 Qd7 33.b3 Rb8 34.Bb2 Qf5 35.Bd4 a5 36.Bb2 Kh7
37.Rd1 Kg8 38.Qd3 Qg5 39.Kf1 Rf8 40.Qf3 Rb8 41.Re1 Qf5 42.Qc3 Bf8 43.Rd1 f3
44.g4 Qf4 45.Qe5 Qb4 46.Rd3  1-0